000 01068nam a2200253Ia 4500
003 OSt
005 20220923211348.0
006 a|||||r|||| 00| 0
007 ta
008 220922b |||||||| |||| 00| 0 hin d
020 _a9788185999715 (hbk)
_c650
024 _a246,150
037 _b372, 11/02/2011, Swaraj Prakashan
_cTextual
040 _aARTS
_cARTS
_bhin
041 _2hin
_ahin
082 _aO152,2M89:g(NT), P9
100 _aपालीवाल, रीतारानी
245 0 _aजयशंकर प्रसाद और मोहन राकेश की रंग - दृष्टि का तुलनात्मक अध्ययन
246 _aJayashankar prasād aur mohan rākesh kī ranga - dṛuṣhṭi kā tulanātmak adhyayana
260 _aदिल्ली
_b स्वराज प्रकाशन
_c2009
300 _a375पृ.
_ccm.
942 _hO152,2M89:g(NT), P9
_cTEXL
_2CC
999 _c298788
_d298788